| 000 | 01433cam a2200337 a 4500 | ||
|---|---|---|---|
| 001 | 4980458 | ||
| 003 | OSt | ||
| 005 | 20211026152500.0 | ||
| 008 | 980615s1998 nyu b 001 0 eng | ||
| 010 | _a 98028202 | ||
| 020 | _a0767900588 (hc) | ||
| 040 |
_aDLC _cHU _dDLC |
||
| 050 | 0 | 0 |
_aGE149 _b.H47 1998 |
| 082 | 0 | 0 |
_a363.7 HER 1999 _221 |
| 100 | 1 |
_aHertsgaard, Mark, _d1956- _915653 |
|
| 245 | 1 | 0 |
_aEarth odyssey : _baround the world in search of our environmental future / _cMark Hertsgaard. |
| 250 | _a1st ed. | ||
| 260 |
_aNew York : _bBroadway Books, _cc1998. |
||
| 300 |
_a372 p. ; _c25 cm. |
||
| 504 | _aIncludes bibliographical references (p. [339]-362) and index. | ||
| 600 | 1 | 0 |
_aHertsgaard, Mark, _d1956- _xTravel. _915654 |
| 650 | 0 |
_aGlobal environmental change. _915655 |
|
| 650 | 0 |
_aNature _xEffect of human beings on. _98312 |
|
| 856 | 4 | 2 |
_3Contributor biographical information _uhttp://www.loc.gov/catdir/bios/random058/98028202.html |
| 856 | 4 | 1 |
_3Sample text _uhttp://www.loc.gov/catdir/samples/random041/98028202.html |
| 856 | 4 | 2 |
_3Publisher description _uhttp://www.loc.gov/catdir/description/random043/98028202.html |
| 906 |
_a7 _bcbc _corignew _d1 _eocip _f19 _gy-gencatlg |
||
| 942 |
_2ddc _cBOOKS _n0 |
||
| 999 |
_c15058 _d15058 |
||